000
00280nam a2200121Ia 4500
008
231129s1985||||xx |||||||||||||| ||spa||
040
_b
spa
082
_a
352.0094 A678
245
0
_a
Areas Metropolitanas y Renovacion Urbana
260
_c
1985
264
_a
Edup
942
_2
ddc
_c
BKS
999
_c
5552
_d
5552